Teorías sobre la belleza y el arte en las obras filosóficas de Cicerón y Séneca / (Record no. 156409)

MARC details
000 -LEADER
campo de control de longitud fija 00884nam a22002175i 4500
001 - NÚMERO DE CONTROL
campo de control 156409
003 - IDENTIFICADOR DE NÚMERO DE CONTROL
campo de control ES-MaACL
005 - FECHA Y HORA DE LA ÚLTIMA TRANSACCIÓN
campo de control 20250816062549.0
008 - DATOS DE LONGITUD FIJA--INFORMACIÓN GENERAL
campo de control de longitud fija 990719s1894 sp |||| | spa d
040 ## - FUENTE DE CATALOGACIÓN
Centro catalogador/agencia de origen AR
Lengua de catalogación spa
Centro/agencia transcriptor AR
100 1# - ENTRADA PRINCIPAL--NOMBRE DE PERSONA
Nombre de persona Jordán de Urríes y Azara, José (
Fechas asociadas al nombre 1868-1932)
9 (RLIN) 66921
245 10 - MENCIÓN DEL TÍTULO
Título Teorías sobre la belleza y el arte en las obras filosóficas de Cicerón y Séneca /
Mención de responsabilidad, etc. por José Jordán de Urríes y Azara.
260 ## - PUBLICACIÓN, DISTRIBUCIÓN, ETC.
Lugar de publicación, distribución, etc. Zaragoza :
Nombre del editor, distribuidor, etc. [s.n.],
Fecha de publicación, distribución, etc. 1894 (
Fabricante Estab. Tip. de "La Derecha")
300 ## - DESCRIPCIÓN FÍSICA
Extensión 71 p. ;
Dimensiones 24 cm.
500 #1 - NOTA GENERAL
Nota general Tesis-Universidad de Madrid. Facultad de Filosofía y Letras.
600 14 - PUNTO DE ACCESO ADICIONAL DE MATERIA--NOMBRE DE PERSONA
Nombre de persona Cicerón, Marco Tulio.
9 (RLIN) 38748
600 04 - PUNTO DE ACCESO ADICIONAL DE MATERIA--NOMBRE DE PERSONA
Nombre de persona Séneca, Lucio Anneo.
9 (RLIN) 105451
650 #7 - PUNTO DE ACCESO ADICIONAL DE MATERIA--TÉRMINO DE MATERIA
Término de materia o nombre geográfico como elemento de entrada Estética
Fuente del encabezamiento o término embne
9 (RLIN) 142387
852 ## - LOCALIZACIÓN
Ubicación ES-MaACL
Número de control de estantería T-864-F-7
Nota libre -- Enc. hol., conservando la cub. original
-- -- Enc. en un vol. facticio
Holdings
Estatus retirado Estado de pérdida Estado de daño No para préstamo Colección Biblioteca de origen Biblioteca actual Ubicación en estantería Fecha de adquisición Total de préstamos Signatura topográfica completa Código de barras Visto por última vez Precio de reemplazo Tipo de ítem Koha
        Colección de folletos Biblioteca del Ateneo de Madrid Biblioteca del Ateneo de Madrid Depósito folletos 17/01/2008   T-864-F-7 1163637 23/02/2023 23/02/2023 Folleto